[Event "Pracov op"]
[Site "Pracov"]
[Date "2004.??.??"]
[Round "6"]
[White "Peniska, Pavel"]
[Black "Sveda, Frantisek"]
[Result "1-0"]
[WhiteElo "1900"]
[BlackElo "1670"]
[PlyCount "103"]
[EventDate "2004.??.??"]
[EventType "swiss"]
[EventRounds "9"]
[EventCountry "CZE"]
[SourceTitle "EXT 2007"]
[Source "ChessBase"]
[SourceDate "2006.11.23"]
[SourceVersion "1"]
[SourceVersionDate "2006.11.23"]
[SourceQuality "1"]

1. e4 e5 2. Nf3 Nc6 3. Bb5 a6 4. Bxc6 dxc6 5. d4 exd4 6. Qxd4 Be6 7. Be3 Be7 8. Qxd8+ Rxd8 9. Nbd2 h6 10. Nd4 Bd7 11. 0-0-0 b6 12. f3 c5 13. Ne2 Bf6 14. Bf4 Rc8 15. h4 g6 16. g4 Ne7 17. g5 Bg7 18. gxh6 Bxh6 19. Be5 Rg8 20. Bf6 Bb5 21. Nc3 Bc6 22. Kb1 b5 23. Nb3 b4 24. Bxe7 Kxe7 25. Nd5+ Bxd5 26. Rxd5 Be3 27. Rhd1 c4 28. Na5 c3 29. Nc6+ Ke6 30. a3 bxa3 31. bxa3 Bf2 32. h5 gxh5 33. Rxh5 Be3 34. Ka2 Bd2 35. Rd5 f6 36. Rh1 Rg7 37. Kb3 Rcg8 38. Kc4 Rf8 39. Nd4+ Kf7 40. Nf5 Rg2 41. Rh7+ Kg8 42. Rdd7 Bf4 43. Rdg7+ Rxg7 44. Rxg7+ Kh8 45. Rg4 Bd2 46. Ne7 Rf7 47. Nd5 f5 48. Rg2 fxe4 49. fxe4 Bc1 50. e5 c6 51. Nf6 Rg7 52. Rh2+ 1-0

[Event "Pracov op"]
[Site "Pracov"]
[Date "2004.??.??"]
[Round "5"]
[White "Sveda, Frantisek"]
[Black "Hejda, Vaclav"]
[Result "1/2-1/2"]
[WhiteElo "1670"]
[BlackElo "1785"]
[PlyCount "61"]
[EventDate "2004.??.??"]
[EventType "swiss"]
[EventRounds "9"]
[EventCountry "CZE"]
[SourceTitle "EXT 2007"]
[Source "ChessBase"]
[SourceDate "2006.11.23"]
[SourceVersion "1"]
[SourceVersionDate "2006.11.23"]
[SourceQuality "1"]

1. e4 e5 2. Nf3 Nc6 3. Bb5 a6 4. Ba4 b5 5. Bb3 Nf6 6. 0-0 Be7 7. Re1 0-0 8. h3 Bb7 9. c3 d6 10. Bc2 Qd7 11. a3 Rae8 12. d4 exd4 13. cxd4 h6 14. Nbd2 Bd8 15. e5 dxe5 16. dxe5 Nd5 17. Nf1 Nb6 18. Qd3 Qxd3 19. Bxd3 Ne7 20. N3h2 c5 21. Bd2 Bd5 22. Bc2 Nc6 23. f4 Nc4 24. Bc3 b4 25. axb4 cxb4 26. Bd2 a5 27. Ba4 Nxd2 28. Nxd2 Bb6+ 29. Kh1 Rd8 30. Bxc6 Bxc6 31. Ne4 1/2-1/2

[Event "Plzen VS03 op "]
[Site "Plzen"]
[Date "2003.??.??"]
[Round "?"]
[White "Kacr, Zbynek"]
[Black "Sveda, Frantisek"]
[Result "1/2-1/2"]
[WhiteElo "1695"]
[BlackElo "1670"]
[PlyCount "70"]
[EventDate "2003.??.??"]
[EventType "swiss"]
[EventRounds "9"]
[EventCountry "CZE"]
[SourceTitle "EXT 2007"]
[Source "ChessBase"]
[SourceDate "2006.11.23"]
[SourceVersion "1"]
[SourceVersionDate "2006.11.23"]
[SourceQuality "1"]

1. d4 d5 2. c4 e5 3. dxe5 d4 4. Nf3 Bb4+ 5. Nbd2 c5 6. g3 Ne7 7. Bg2 Ng6 8. 0-0 Nc6 9. a3 Ba5 10. Nb3 Bb6 11. Bg5 Qc7 12. Qc2 0-0 13. Rad1 Ncxe5 14. Nxe5 Qxe5 15. Bc1 Bf5 16. Qd2 Bc7 17. f4 Qe7 18. Na5 Be4 19. Bxe4 Qxe4 20. Nb3 b6 21. e3 dxe3 22. Qe2 Rfe8 23. Rf3 Rad8 24. Rxd8 Rxd8 25. Rxe3 Qc6 26. Bd2 h6 27. Bc3 Qd7 28. Nd2 Qf5 29. Re4 Bd6 30. Nf1 Qd7 31. Re3 Qc6 32. Nd2 Nf8 33. Nf3 Ne6 34. Rd3 Bf8 35. Rxd8 Nxd8 1/2-1/2